| 000 | 01014nam a22002057a 4500 | ||
|---|---|---|---|
| 999 |
_c11835 _d11835 |
||
| 003 | AR-CdUCM | ||
| 008 | 190405b ||||| |||| 00| 0 spa d | ||
| 040 |
_aMUNICIPALIDAD PROVINCIAL DEL CUSCO _cBIBLIOTECA MUNICIPAL DEL CUSCO |
||
| 082 |
_27ed. _a341 / _bA32 / 1894 |
||
| 100 |
_aAhrens, E. _929400 |
||
| 245 |
_aCurso de derecho natural o de filosofía del derecho : _bcompletado en las principales materias, con ojeadas históricas y políticas / |
||
| 260 |
_aParís : _bLibreria de la Vda de CH. Bouret, _c1894. |
||
| 300 |
_a652 páginas ; _c22 cm. |
||
| 505 | _aContenido: Nociones y relaciones de la filosofía del derecho -- Ojeada general sobre el progreso histórico del derecho natural y examen mas detallado de los sistemas -- De la filosofía del derecho -- Que completa la historia de la filosofía del derecho ... | ||
| 650 |
_aDerecho natural _91768 |
||
| 650 |
_aFilosofía _9395 |
||
| 700 |
_aRodriguez Hortelano, Pedro (traducción) _929401 |
||
| 942 |
_2ddc _cLIBROS |
||
| 945 |
_aacv _d05/04/2019 |
||